00626nam a22001817a 4500003000400000008004100004020001800045082001400063100002700077245004500104250001300149260004400162300001100206650001100217942001300228999001700241952018600258OSt241023b |||||||| |||| 00| 0 eng d a9788192300825 a746.4 BNR aB.N. Sales Corporation aRomantic paisley: Ethnic paisley designs a1st. ed. aMumbai,bB.N. Sales Corporation,c2015, a108 p. aB.FAD. 2ddccREF c12954d12954 00102ddc40708BFADaPIETNCRbPIETNCRd2024-10-01ePankaj Publication InternationalfIn Rupeesg1750.00kPPI-15l0o746.4 BNRpN3787r2024-10-23 00:00:00v1277.50w2024-10-01yREF